02328cam a2200361 i 450000100090000000300090000900500170001800800410003502000180007603500200009404000430011408200230015724501760018025000190035626400680037526400110044330000520045433600260050633700280053233800270056050000650058750400510065250508870070365000330159065000230162365300230164665500170166970000360168690600450172294200120176799900170177995201700179620008410EG-ScBUE20230212033205.0170919t2019 maua f b 001 0 eng d a9781284146530 a(DNLM)101713071 aDNLM/DLCbengerdacDLCdDLCdEG-ScBUE04a610.73068222bLEA00aLeadership in nursing practice :bchanging the landscape of health care /cDan Weberg, PhD., MHI, BSN, RN, Kaiser Permanente, The Ohio State University, [and three others] aThird edition. 1aBurlington, Massachusetts :bJones & Bartlett Learning,c[2019] 4cc2019. axxvi, 623 pages :bcolor illustrations ;c23 cm atext2rdacontentbtxt aunmediated2rdamediabn avolume2rdacarrierbnc aTim Porter-O'Grady's name appears first in previous edition. aIncludes bibliographical references and index.0 aChange and innovation -- Becoming a professional nurse -- Person of the leader : the capacity to lead -- Conflict skills for clinical leaders -- Staffing, scheduling, and patient care assignments : models, components, and measures of effectiveness -- Principles of ethical decision making -- Leadership : the foundation of practice partnership -- Resources for healthcare excellence -- Navigating the care network : creating the context for professional practice -- Managing your career : a lifetime of opportunities and obligations -- Policy, legislation, licensing, and professional nurse roles -- Delegation and supervision : essential foundations for practice -- Overcoming the uneven table : negotiating the white waters of the profession -- Accountability and ownership : the centerpiece of professional practice -- Integrating learning : applying the practices of leadership. 7aNurse Administrators.2BUEsh 7aLeadership.2BUEsh bNNURcFebruary2023 vReading book1 aWeberg, Daniel Robert,eauthor. a7bcbccorignewd1eecipf20gy-gencatlg 2ddccBB c30120d30091 00102ddc40708BaccahaMAINbMAINc1STd2023-02-12ePurchaseg1848.00h37173l1o610.73068 LEAp000044748r2025-07-15 00:00:00s2024-03-16v2310.00w2023-02-12yBB